|
|
|
|
| LEADER |
00000nam0a2200000 4500 |
| 001 |
315236 |
| 005 |
20231101014847.0 |
| 010 |
|
|
|a 9785991662871
|
| 035 |
|
|
|a (RuTPU)RU\TPU\book\340669
|
| 090 |
|
|
|a 315236
|
| 100 |
|
|
|a 20160226d2016 m y0rusy50 ca
|
| 101 |
0 |
|
|a rus
|
| 102 |
|
|
|a RU
|
| 105 |
|
|
|a a j 001zy
|
| 200 |
1 |
|
|a Региональная экономика и управление
|e учебник и практикум для бакалавриата и магистратуры
|f А. А. Угрюмова, Е. В. Ерохина, М. В. Савельева
|
| 210 |
|
|
|a Москва
|c Юрайт
|d 2016
|
| 215 |
|
|
|a 445 с.
|c ил.
|
| 225 |
1 |
|
|a Бакалавр - Магистр
|
| 320 |
|
|
|a Библиогр.: с.444-445.
|
| 330 |
|
|
|a Учебник знакомит читателей с теорией и практикой региональной экономики и управления. В нем отражены как традиционные темы (отраслевая структура, производственно-ресурсный, трудовой и демографический потенциал регионов, государственное регулирование регионального развития и др.), так и относительно новые (кластеры и их роль в развитии экономики регионов, конкурентоспособность территорий, материальные и нематериальные факторы развития экономики регионов).Изложенный материал базируется на отечественных и зарубежных примерах. Каждая глава снабжена краткими выводами и практикумом.
|
| 606 |
1 |
|
|a Региональная экономика
|2 stltpush
|3 (RuTPU)RU\TPU\subj\38035
|
| 610 |
1 |
|
|a региональное управление
|
| 610 |
1 |
|
|a региональное хозяйство
|
| 610 |
1 |
|
|a теория
|
| 610 |
1 |
|
|a экономический рост
|
| 610 |
1 |
|
|a пространственная организация
|
| 610 |
1 |
|
|a регионы
|
| 610 |
1 |
|
|a государственное устройство
|
| 610 |
1 |
|
|a территориальное устройство
|
| 610 |
1 |
|
|a отраслевая структура
|
| 610 |
1 |
|
|a ресурсный потенциал
|
| 610 |
1 |
|
|a производственный потенциал
|
| 610 |
1 |
|
|a трудовые ресурсы
|
| 610 |
1 |
|
|a демографический потенциал
|
| 610 |
1 |
|
|a кластеры
|
| 610 |
1 |
|
|a формирование
|
| 610 |
1 |
|
|a теневая экономика
|
| 610 |
1 |
|
|a территориальный менеджмент
|
| 610 |
1 |
|
|a инвестиционная политика
|
| 610 |
1 |
|
|a инновационная политика
|
| 610 |
1 |
|
|a экологическая политика
|
| 610 |
1 |
|
|a территориальное планирование
|
| 610 |
1 |
|
|a региональные финансы
|
| 610 |
1 |
|
|a имидж
|
| 610 |
1 |
|
|a особые экономические зоны
|
| 610 |
1 |
|
|a наукограды
|
| 610 |
1 |
|
|a конкурентоспособность
|
| 610 |
1 |
|
|a практикумы
|
| 610 |
1 |
|
|a учебники
|
| 686 |
|
|
|a У04(2)
|v LBC/SL-A
|2 rubbk
|
| 700 |
|
1 |
|a Угрюмова
|b А. А.
|g Александра Анатольевна
|
| 701 |
|
1 |
|a Ерохина
|b Е. В.
|g Елена Вячеславовна
|
| 701 |
|
1 |
|a Савельева
|b М. В.
|g Марина Владиславовна
|
| 801 |
|
1 |
|a RU
|b 63413507
|c 20160226
|
| 801 |
|
2 |
|a RU
|b 63413507
|c 20160406
|g RCR
|
| 900 |
|
|
|a Региональная экономика
|
| 942 |
|
|
|c BK
|
| 951 |
|
|
|l 8.1
|l 8.3
|
| 959 |
|
|
|a 24/20160224
|d 1
|e 939,00
|f ЧЗГЛ:1
|